Autobahnanschlussstellen Metropolregion Rhein-Neckar - Statistiken

Allgemein
  • Dieses Quiz wurde 29 mal gespielt
  • Das Durchschnittsergebnis liegt bei 26 aus 75
Antwortstatistiken
Hint Antwort % Korrekt
A5 Heidelberg/Schwetzingen
100%
A6 Mannheim/Schwetzingen
89%
A6 Schwetzingen/Hockenheim
89%
A61 Hockenheim
78%
A6 Sinsheim
67%
A5 Walldorf/Wiesloch
67%
A659 Viernheim
61%
A6 Wiesloch/Rauenberg
56%
A5 Heppenheim
44%
A5 Ladenburg
44%
A61 Schifferstadt
44%
A5 Bensheim
39%
A5/A656 Kreuz Heidelberg
39%
A656/A5 Kreuz Heidelberg
39%
A5/A6 Kreuz Walldorf
39%
A6/A5 Kreuz Walldorf
39%
A5/A659 Kreuz Weinheim
39%
A659 Kreuz Weinheim
39%
A67 Lorsch
39%
A6 Ludwigshafen-Nord
39%
A6 Mannheim-Sandhofen
39%
A6 Sinsheim-Steinsfurt
39%
A61 Speyer
39%
A5 Dossenheim
33%
A6/A61 Dreieck Hockenheim
33%
A61/A6 Dreieck Hockenheim
33%
A6 Frankenthal-Nord
33%
A65 Haßloch
33%
A5 Hirschberg
33%
A6/A61 Kreuz Frankenthal
33%
A61/A6 Kreuz Frankenthal
33%
A6/A656 Kreuz Mannheim
33%
A656/A6 Kreuz Mannheim
33%
A61/A65 Kreuz Mutterstadt
33%
A65/A61 Kreuz Mutterstadt
33%
A65 Landau-Nord
33%
A65 Landau-Süd
33%
A65 Landau-Zentrum
33%
A650 Ludwigshafen-Oggersheim-Süd
33%
A656 Mannheim-Seckenheim
33%
A650 Maxdorf
33%
A65 Neustadt (Weinstraße) Nord
33%
A65 Neustadt (Weinstraße) Süd
33%
A6 Sinsheim-Süd
33%
A61 Worms
33%
A61 Worms/Mörstadt
33%
A65 Dannstadt-Schauernheim
28%
A65 Edenkoben
28%
A5 Hemsbach
28%
A65 Hochdorf-Assenheim
28%
A61/A650 Kreuz Ludwigshafen
28%
A650/A61 Kreuz Ludwigshafen
28%
A65 Mutterstadt-Nord
28%
A650 Ruchheim
28%
A6/A67 Viernheimer Dreieck
28%
A67 Viernheimer Dreieck
28%
A6/A659 Viernheimer Kreuz
28%
A659/A6 Viernheimer Kreuz
28%
A5 Zwingenberg
28%
A65 Deidesheim
22%
A650 Friedelsheim
22%
A6 Grünstadt
22%
A65 Insheim
22%
A65 Kandel-Mitte
22%
A65 Kandel-Nord
22%
A65 Kandel-Süd
22%
A650 Oggersheimer Kreuz
22%
A65 Rohrbach
22%
A659 Viernheim-Ost
22%
A65 Wörth-Dorschberg
22%
A65 Dreieck Ludwigshafen-Süd
17%
A656 Mannheim-Neckarau
17%
A65 Wörther Kreuz
17%
A650 Ludwigshafen-Bruchwiesenstraße
11%
A81 Osterburken
6%
Keine übereinstimmenden Quizze gefunden
Verteilung der Resultate
Anzahl Personen mit jedem Resultat
Perzentil nach korrekt beantworteten Fragen
Ihre Resultats-Entwicklung
Sie haben dieses Quiz noch nicht gespielt